Дело о выкупе земельных наделов временнообязанными крестьянами М.С., А.С. и А.С. Юрьевичей села Коноплянки Кирсановского уезда Т...

Доступно только в Электронных читальных залах Найти на картеНа карте
RUSMARC
00004009nmc2a2200000 x 450
001b2c455a1-7aa1-4f07-bcd7-e1cd6f963b3a
00520151124112434.0
100##$a20140414l18651868k l0rusy0189 ca
1010#$arus
102##$aRU
2001#$aДело о выкупе земельных наделов временнообязанными крестьянами М.С., А.С. и А.С. Юрьевичей села Коноплянки Кирсановского уезда Тамбовской губернии
$j19 июля 1865 г. - 29 января 1868 г.
251##$cДело
300##$aДело
300##$aОриг. заголовок дела: Дело Юрьевичей М.С., А.С. и А.С. Тамбовской губернии Кирсановского уезда села Коноплянки. 19 июля 1865 г. - 29 января 1868 г
801#0$aRU
$bРГИА
$c20140414
$gRCR
801#1$aRU
$bГлавНИВЦ
$c20140414
$2rusmarc
801#2$aRU
$bПБ им. Б.Н. Ельцина
$c20151124
$gRCR
$2rusmarc
850##$aРГИА
852##$aРГИА
$eФедеральное казенное учреждение "Российский государственный исторический архив" (РГИА)
$j779
937##$hРГИА
$d11118971
$aASBIBLIO_SCAN
462#0$10017c5e74c9-979b-46fc-b2dd-52a15592f082
$12001
$aДела Главного выкупного учреждения Министерства финансов по Тамбовской губернии
$1251
$cОпись
$1852
$j40
461#0$10018ef30ad5-ff5c-4840-a721-74c62a200f95
$12001
$aГлавное выкупное учреждение Министерства финансов (1861-1895)
$1251
$cФонд
$1852
$j577
215##$a50 л.
$d36,5х26 см
371##$aДокумент не является опубликованным и широко распространяемым
105##$ay###
1222#$ad
5171#$aДело Юрьевичей М.С., А.С. и А.С. Тамбовской губернии Кирсановского уезда села Коноплянки. 19 июля 1865 г. - 29 января 1868 г
035##$ab2c455a1-7aa1-4f07-bcd7-e1cd6f963b3a
Формат отображения